Crisis de la democracia en Centroamérica: Antiguos y nuevos sistemas políticos en conflicto; perspectiva /

Shranjeno v:
Bibliografske podrobnosti
Glavni avtor: Dodd, Thomas
Format: Texto
Teme:
Oznake: Označite
Brez oznak, prvi označite!

MARC

LEADER 00000 a a2200000 04500
001 13966
003
040
100 |a Dodd, Thomas  
245 |a Crisis de la democracia en Centroamérica:   |b Antiguos y nuevos sistemas políticos en conflicto; perspectiva /  |c Thomas Dodd 
650 |a DEMOCRACIA  
650 |a DEMOCRATIZACION  
650 |a SISTEMAS POLITICOS  
650 |a HISTORIA  
773 |g número 10; páginas 43-48  
999 |c 31160  |d 31160